000
00342nam a2200145Ia 4500
008
230718s9999 xx 000 0 und d
041
_a
Eng.
082
_a
34745
_b
MAL-C
100
_a
Malik, Nafeer Ahmed
245
0
_a
Code of Criminal Procede
260
_a
Pakistan
_b
Punjab law book
_c
2013
300
_a
446
650
_a
Law
999
_c
28718
_d
28718